Sul matrimonio - Brindisi a Katja (Record n. 360585)
[ formato base ]
| 000 -LEADER | |
|---|---|
| campo di controllo lung. fissa | 01375nam a22002057a 4500 |
| 003 - Identificatore del numero di controllo | |
| campo di controllo | IT-MiCISF |
| 005 - Data e orario dell'ultima transazione | |
| campo di controllo | 20250715110454.0 |
| 008 - Elementi di lunghezza fissa--Informazione generale | |
| campo di controllo lung. fissa | 250715b |||||||| |||| 00| 0 eng d |
| 040 ## - Fonte della catalogazione | |
| Agenzia che fa la trascrizione | IT-MiCISF |
| 100 ## - Accesso principale -- nome di persona | |
| Nome di persona | Mann Thomas |
| 9 (RLIN) | 62459 |
| 245 ## - Formulazione del titolo | |
| Titolo | Sul matrimonio - Brindisi a Katja |
| 260 ## - Pubblicazione, distribuzione, ecc. (stampa) | |
| Luogo di pubblicazione, distribuzione, ecc. | Milano, |
| Nome dell'editore, distributore, ecc. | SE, |
| Data di pubblicazione, distribuzione, ecc. | 1999 |
| 300 ## - Descrizione fisica | |
| Estensione | pp. 69 |
| 500 ## - Nota generale | |
| Nota generale | matrimonio, cultura |
| 501 ## - Nota | |
| Nota | Traduzioni di Italo Alighiero Chiusano e Lavinia Mazzucchetti. Con uno scritto di Anna Maria Carpi |
| 520 ## - Riassunto, ecc. | |
| Nota di riassunto, ecc. | Il saggio, scritto in occasione del cinquantesimo compleanno di Mann e in un periodo di riflessione morale per la Germania, assume anche i contorni di un'autobiografia spirituale, in cui Mann riflette sul suo matrimonio con Katia e sul suo rapporto con la società borghese. L'opera, quindi, non è solo un elogio del matrimonio, ma anche una riflessione sulla condizione umana, sulla forza dell'amore e sulla complessità delle relazioni interpersonali. In questo saggio, Mann non si limita a una mera difesa del matrimonio, ma lo analizza come un'istituzione che richiede impegno, sacrificio e un continuo lavoro di adattamento reciproco. Il matrimonio è visto come un percorso di crescita e di realizzazione personale, in cui entrambi i coniugi contribuiscono alla costruzione di una vita comune. |
| 650 ## - Accesso aggiunto di soggetto--termine topico | |
| Termine topico o nome geografico come accesso | Matrimonio |
| 654 ## - Accesso aggiunto di soggetto--termini topici faccettati | |
| Termine principale | saggio |
| 942 ## - Dati aggiuntivi (Koha) | |
| Fonte della classificazione o dello schema di collocazione (segnatura) | Dewey Decimal Classification |
| Tipo copia default (Koha) | LIBRO |
| Ritirato (status) | Perso (status) | Fonte della classificazione o dello schema di collocazione (segnatura) | Danneggiato (status) | Non per il presito | Biblioteca proprietaria | Biblioteca in cui si trova | Data d'acquisizione | Totale prestiti | Collocazione | Data ultima operazione | Prezzo in vigore dal | Tipo copia default (Koha) |
|---|---|---|---|---|---|---|---|---|---|---|---|---|
| Dewey Decimal Classification | Buone Condizioni | Not For Loan | CISF - Milano | CISF - Milano | 15/07/2025 | B4964 | 15/07/2025 | 15/07/2025 | LIBRO |